Faculty salaries in land-grant colleges and State universities / (Record no. 817954)

MARC details
000 -LEADER
fixed length control field 00929nam a2200277 a 4500
001 - CONTROL NUMBER
control field vtls000997037
003 - CONTROL NUMBER IDENTIFIER
control field NLI
005 - DATE AND TIME OF LATEST TRANSACTION
control field 20210627103216.0
008 - FIXED-LENGTH DATA ELEMENTS--GENERAL INFORMATION
fixed length control field 120215s1952 dcu f000 0 eng
039 #9 - LEVEL OF BIBLIOGRAPHIC CONTROL AND CODING DETAIL [OBSOLETE]
-- 201202152030
-- VLOAD
040 0# - CATALOGING SOURCE
Original cataloging agency NLI
Language of cataloging eng
Transcribing agency Retro_DSC 1
Description conventions AACR2
041 0# - LANGUAGE CODE
Language code of text/sound track or separate title eng
044 ## - COUNTRY OF PUBLISHING/PRODUCING ENTITY CODE
MARC country code dcu
082 04 - DEWEY DECIMAL CLASSIFICATION NUMBER
Classification number 378.12092.
110 1# - MAIN ENTRY--CORPORATE NAME
Corporate name or jurisdiction name as entry element United States.
Subordinate unit Federal Security Agency.
9 (RLIN) 936122
245 10 - TITLE STATEMENT
Title Faculty salaries in land-grant colleges and State universities /
Statement of responsibility, etc. Federal Security Agency of United States
260 ## - PUBLICATION, DISTRIBUTION, ETC.
Place of publication, distribution, etc. Washington :
Name of publisher, distributor, etc. United States Government Printing Office,
Date of publication, distribution, etc. 1952
300 ## - PHYSICAL DESCRIPTION
Extent 17 p. ;
Dimensions 27 cm.
500 ## - GENERAL NOTE
General note Ciecular no. 358
650 #0 - SUBJECT ADDED ENTRY--TOPICAL TERM
Topical term or geographic name entry element College teachers
General subdivision Salaries, etc.
Geographic subdivision United States
9 (RLIN) 936123
887 ## - NON-MARC INFORMATION FIELD
Content of non-MARC field
901 ## - LOCAL DATA ELEMENT A, LDA (RLIN)
a AD 117176
b 12.10.2010
9 1952
902 ## - LOCAL DATA ELEMENT B, LDB (RLIN)
a U.S 378.12092 Un 3
949 ## - LOCAL PROCESSING INFORMATION (OCLC)
-- VIRTUAITEM
-- 10002
-- 100
6 ADX000117176ENG
9 1952
942 ## - ADDED ENTRY ELEMENTS (KOHA)
Source of classification or shelving scheme Dewey Decimal Classification
Koha item type Books
Holdings
Withdrawn status Lost status Damaged status Not for loan Collection code Home library Current library Shelving location Date acquired Total Checkouts Full call number Barcode Date last seen Price effective from Koha item type
          National Library of India National Library of India       U.S 378.12092 Un 3 ADX000117176ENG 27/06/2021 27/06/2021 Books
                                                                           
web counter

Copyright ©2020 The National Library of India, Govt. of India ↔ Hosted by NVLI, MOC ↔ Technology and Design by National Library of India, Ministry of Culture, Govt. of India